[Event "Olympiad-34"]
[Site "Istanbul"]
[Date "2000.11.12"]
[Round "14.2"]
[White "Magai, Vladimir"]
[Black "Degraeve, Jean Marc"]
[Result "0-1"]
[WhiteElo "2546"]
[BlackElo "2540"]
[Annotator "Tsesarsky,I"]
[PlyCount "76"]
[EventDate "2000.10.28"]
[EventType "team-swiss"]
[EventRounds "14"]
[EventCountry "TUR"]
[SourceTitle "EXT 2001"]
[Source "ChessBase"]
[SourceDate "2000.11.22"]
[SourceVersion "1"]
[SourceVersionDate "2000.11.22"]
[SourceQuality "1"]
[WhiteTeam "Kyrgyzstan"]
[BlackTeam "France"]
[WhiteTeamCountry "KGZ"]
[BlackTeamCountry "FRA"]

1. d4 g6 2. c4 Bg7 3. Nc3 c5 4. d5 d6 5. e4 e6 6. Bd3 exd5 7. cxd5 a6 (7... Ne7
8. Nf3 O-O 9. O-O a6 10. a4 Bg4 {-see comments to the game 0-1 Short,
N-Bratchenko,A/ CBM 74 1999/CBM 73 (37) [Tsesarsky,I]}) 8. a4 Nh6 {Except of
this N jump Black can play} (8... Ne7 9. h4 $1 {Proper reaction on the last
move!} (9. f4 O-O 10. Nf3 Bg4 11. O-O Nd7 $132 {0-1 Johannessen,A-King,D/
Gausdal 1990/CBM 16 ext (31)}) (9. Nf3 $5 Bg4 10. h3 Bxf3 11. Qxf3 Nd7 12. Qg3
O-O 13. O-O Rc8 $14 {1-0 Khenkin,I-Narciso Dublan,M/Porto San Giorgio 1998/EXT
2000 (45)}) (9. Nge2 O-O 10. O-O f5 11. Nf4 Kh8 12. Bd2 $132 {1-0 Matveeva,
S-Uskova,F/New Delhi IND 2000/The Week in Chess 317 (52)}) 9... h5 {Now f7-f5
promotion will not be effective.} 10. Bg5 Nd7 11. Nf3 Ne5 12. Nxe5 Bxe5 13. Qd2
$14 {1-0 Huzman,A-Ruban,V/Antwerp 1993/EXT 97 (34)}) (8... Qe7 $6 9. h3 (9. Nf3
$5 $14) 9... f5 $6 (9... Nf6 $14) 10. Nf3 fxe4 (10... Bxc3+ 11. bxc3 fxe4 12.
O-O Nf6 13. Re1 O-O 14. Bh6 Re8 15. Ng5 $14 {[%csl Re4]}) 11. Nxe4 Nf6 12. O-O
Nxe4 13. Re1 O-O 14. Rxe4 Qf7 15. Bg5 Bxh3 (15... Bxb2 $2 16. Re7 Qxd5 17. Qc2
{1-0 Stocek,J-Tolnai,T/Budapest 1998/EXT 2000 (17)}) 16. Re7 Qxd5 17. Qe2 $16)
(8... Nd7 9. Nf3 Ne7 10. O-O O-O 11. Bf4 Nf6 12. h3 Ne8 13. Re1 $14 {1-0
Novikov,I-Radziewicz,I/Koszalin 1998/CBM 65 ext (56)}) 9. Nf3 ({Interesting
also} 9. Bf4 O-O (9... f6 $6 10. Nf3 Nf7 11. Nd2 $14 {1-0 Ksieski,Z-Kolasinski,
M/Naleczow 1989/EXT 97 (31)}) 10. Qd2 Ng4 11. Nf3 Qe7 12. O-O Nd7 13. Rfe1 Nde5
14. Nxe5 Nxe5 15. Bf1 $14 {0-1 Varga,P-Szalanczy,E/Hungary 1996/EXT 2000 (38)})
({I would like to recommend} 9. h4 $1 Ng4 10. Nf3 (10. h5 Bd4) 10... O-O 11. h5
$14) 9... O-O 10. O-O Bg4 $1 (10... Nd7 $143 11. Bf4 Qe7 12. h3 f6 (12... f5
13. Re1 fxe4 (13... Ne5 14. Nxe5 dxe5 15. d6 (15. Bd2 $14) 15... Qe6 16. Bxh6
Bxh6 17. exf5 gxf5 18. b3 $16 {[%csl Gd6][%cal Gd3c4]}) 14. Rxe4 Ne5 15. Bxe5
dxe5 16. d6 $16) 13. a5 Nf7 14. Nd2 Nfe5 15. Bc2 $14 {1-0 Dumitrache,
D-Kubacsny,L/HUN 1998/EXT 2000 (38)}) 11. h3 Bxf3 12. Qxf3 Nd7 13. Bf4 $6 $132
(13. Qe2 $142 Qh4 14. a5 $1 {[%cal Ga1a4,Ga4h4]} (14. Qe3 $6 $132 Rae8 15. Qg5
Qxg5 16. Bxg5 f5 17. Rfe1 Nf7 18. Bd2 Nfe5 19. Bf1 f4 $15 {[%csl Ge5] 1/2-1/2
Malaniuk,V-Szalanczy,E/Linz 1997/CBM 58 ext (39)}) 14... Rae8 15. Ra4 $14)
13... Ne5 14. Qe3 {This move doesn't make Bxh6 threat because of Bd3
vulnerability.} f5 $1 ({Exchange} 14... Nxd3 $6 15. Qxd3 {doesn't solve
problems of Black:} g5 (15... f5 16. Qd2 Nf7 17. exf5 $14) 16. Bh2 (16. Bd2 f5
17. exf5 (17. Rae1 f4 18. Rb1 Nf7 $1 $15 {[%cal Gf7e5]} (18... Be5 19. b4 $14))
17... Nxf5 18. Rae1 $14) 16... f5 17. exf5 Nxf5 18. Rae1 $14) 15. Bc2 (15. Bxh6
Bxh6 16. Qxh6 Nxd3 17. Rad1 $132 (17. Qd2 c4 $132 (17... fxe4 18. Nxe4 Nf4 $132
))) 15... Qh4 {Black pieces have good interaction.} 16. Rae1 (16. Bg5 f4 $8 17.
Bxh4 fxe3 18. fxe3 (18. f4 Nc4 19. Ra2 Rae8 $15) 18... Nc4 $44) 16... Nef7 $2
$16 {Not necessary retreat} (16... Rae8 $142 $1 17. Bg5 f4 18. Bxh4 fxe3 19.
fxe3 Rxf1+ 20. Rxf1 Nc4 $44 {[%csl Re3,Re4]}) 17. exf5 $6 ({Strong was} 17. Bg3
$1 Qf6 18. exf5 Nxf5 19. Bxf5 Qxf5 20. Qe6 $16 {[%csl Rd6][%cal Ge1e6,Gg3d6]})
17... Nxf5 18. Bxf5 gxf5 19. Re2 (19. Bg3 Qb4 20. Re2 Ne5 $14) 19... Bd4 20.
Qd2 $6 $132 (20. Bg3 $142 Qd8 (20... Qh5 21. Qe6 $14) 21. Qf3 Ne5 22. Qf4 Qf6
23. a5 $14) 20... Ne5 21. Kh1 (21. Rfe1 Rf7 22. a5 Rg7 23. Kf1 Rf8 (23... Nf3
24. Re8+ Rxe8 25. Rxe8+ Kf7 26. Qe2 $1 Be5 27. Bxe5 Nxe5 28. Rb8 $14) 24. Rxe5
dxe5 25. Bh6 $132) 21... Rae8 22. Bh6 ({Or} 22. Rfe1 Nc4 23. Qc1 Rxe2 24. Nxe2
(24. Rxe2 Bxf2 $132) 24... Nxb2 {[%cal Gb2d3]} 25. Bg3 Qf6 26. Nf4 $44) 22...
Nc4 23. Qd3 ({Wrong was} 23. Bxf8 $4 Nxd2 24. Rxe8 Kf7 (24... Nxf1 25. Be7+ Kf7
26. Bxh4 Kxe8 27. Nb1 {[%csl Gd2,Rf1]} c4 28. Kg1 Bxb2 29. Kxf1 c3 30. Nxc3
Bxc3 31. Ke2 $11) 25. Rfe1 Bxc3 26. bxc3 (26. R1e7+ Qxe7 27. Rxe7+ Kxf8 28.
Rxb7 Bd4 $17) 26... Ne4 27. R8xe4 fxe4 28. Bxd6 Qf6 29. Bg3 Qxc3 30. Rxe4 Qd3
31. Rf4+ Ke8 32. d6 b5 33. axb5 axb5 $17) 23... Nxb2 24. Rxb2 Qxh6 25. Rxb7 f4
$2 $16 (25... Bxc3 $1 26. Qxc3 f4 27. Qf3 Re5 28. Rd1 Qh5 $1 29. Qxh5 Rxh5 $132
{[%cal Gf8f6,Gf4f3]}) 26. Qf3 $2 $11 ({Was keep advantage} 26. Ne2 $1 f3 (26...
Be5 27. Ng1 $16 {[%cal Gg1f3]}) 27. Nxd4 fxg2+ 28. Kxg2 cxd4 29. Qxd4 $16)
26... Qg6 $2 $16 (26... Bxc3 27. Qxc3 Re5 $132) 27. Ne2 $1 {At last...} Be5 28.
Rfb1 (28. Rc1 $1 $16 {[%csl Ra6,Gb7,Rf4][%cal Gc1c4]}) 28... c4 29. Rc1 ({
Quite good was also} 29. R1b6 {[%csl Ra6][%cal Gb6c6]} Qd3 30. Ng1 Qxf3 31.
Nxf3 c3 32. Rxa6 Ra8 (32... Rc8 33. Nxe5 dxe5 34. Raa7 Rf6 35. Rg7+ Kf8 36.
Rxh7 Kg8 37. Rag7+ Kf8 38. Rh8+ Kxg7 39. Rxc8 $18) 33. Rc6 $1 $16 (33. Rxa8
Rxa8 34. Nxe5 dxe5 35. Rc7 Rxa4 36. Rxc3 Rd4 $44)) 29... Rc8 30. Rb4 Qd3 31.
Rbxc4 $5 (31. Ng1 $16 {and then Rbxc4}) 31... Qxc4 $5 ({Or} 31... Qxf3 32. gxf3
Rxc4 33. Rxc4 $16) 32. Rxc4 Rxc4 33. Qb3 (33. Qg4+ Kh8 34. Qd7 Rc2 35. Ng1 Rxf2
36. Nf3 Rg8 37. Nxe5 dxe5 38. Qf5 $11) 33... Re4 $6 $16 (33... Rc5 34. Ng1 $14
{[%cal Gg1f3]}) 34. Qc2 $2 $132 ({Right was} 34. Ng1 a5 35. Qb5 Ra8 36. Nf3 $16
) 34... Rb4 $1 35. a5 (35. Ng1 {Too late} Rb2 36. Qc6 f3 $1 {and White can't
blockade kingside.} 37. Nxf3 $8 Rb1+ 38. Ng1 Bd4 39. Qxd6 Bxf2 40. Qe6+ $11)
35... Rb5 36. Qd2 $4 $19 {[%mdl 8192]} (36. Qc7 Rb1+ 37. Ng1 f3 38. Qc4 $1 (38.
gxf3 Kh8 $19 {[%csl Rg1][%cal Gf8g8]}) 38... fxg2+ 39. Kxg2 Kh8 40. Ne2 Rg8+
41. Ng3 Rb2 42. Kf1 $132) 36... Rb1+ 37. Ng1 Rc8 38. Qe2 Rxg1+ 0-1

[Event "Dubai op"]
[Site "Dubai"]
[Date "2001.04.19"]
[Round "5"]
[White "Shariyazdanov, Andrey"]
[Black "Minasian, Artashes"]
[Result "1/2-1/2"]
[WhiteElo "2594"]
[BlackElo "2554"]
[Annotator "Tsesarsky,I"]
[PlyCount "74"]
[EventDate "2001.04.15"]
[EventType "swiss"]
[EventRounds "9"]
[EventCountry "UAE"]
[SourceTitle "CBM 083"]
[Source "ChessBase"]
[SourceDate "2001.07.05"]
[SourceVersion "1"]
[SourceVersionDate "2001.07.05"]
[SourceQuality "1"]

1. d4 g6 2. c4 c5 3. d5 Bg7 4. e4 d6 5. Nc3 e6 6. Bd3 (6. Nf3 {-mainline.})
6... Ne7 7. h4 $5 {Opening commentaries- see detailed commented game Avrukh -
Ivanisevic -referenced below.} (7. Nf3 O-O (7... a6 8. O-O O-O 9. Bf4 e5 10.
Be3 $14 {0-1 Boyd,H-Eising,J/Copenhagen 1967/EXT 2000 (22)}) 8. O-O Nd7 9. h3
a6 10. a4 b6 11. Ra3 Ne5 12. Nxe5 Bxe5 13. Bh6 Re8 14. Qd2 exd5 15. cxd5 f5 16.
Bg5 Qc7 17. Re1 c4 18. Bb1 fxe4 19. Rxe4 Bb7 20. Rxe5 $16 {1-0 Skembris,
S-Krasenkow,M/Cutro 1999/CBM 71 (42)}) (7. Bf4 O-O 8. Nf3 e5 9. Bd2 Nd7 10. g4
Nf6 11. h3 $14 {1/2-1/2 Pottgiesser,J-Gollasch,T/Mannheim 1987/EXT 97 (24)}) (
7. Bg5 Nd7 (7... h6 8. Bh4 O-O 9. Nge2 Na6 10. O-O g5 11. Bg3 e5 12. a3 Ng6 13.
Rb1 Kh8 14. f3 Nf4 15. b4 Bd7 16. Bf2 b6 $14 {0-1 Vehkalahti,V-Puranen,J/Lahti
1999/EXT 2000 (59)}) 8. Nf3 Ne5 9. Nxe5 Bxe5 10. Qd2 Bd4 11. Ne2 Bg7 12. O-O h6
13. Be3 e5 14. Rab1 $14 {0-1 Bourassa,R-McLarnan,D/Las Vegas 1995/EXT 98 (104)}
) (7. h3 O-O 8. Bg5 (8. Nf3 exd5 (8... Nd7 9. O-O e5 10. Rb1 $14 {1-0 Bielicki,
B-Borulya,E/Germany 2000/CBM 75 ext (41)}) 9. cxd5 a6 10. a4 f5 11. O-O h6 12.
Re1 Nd7 13. Bf4 fxe4 14. Bxd6 $14 {1-0 Novikov,I-Radziewicz,I/Koszalin 1999/
CBM 73 (22)}) 8... Na6 9. Qd2 Nc7 10. Nf3 Bd7 11. a4 f6 12. Be3 e5 13. g4 $14 {
1/2-1/2 Straschewski,J-Dietrich,R/Bayern 1998/EXT 2000 (50)}) 7... h5 (7...
exd5 8. cxd5 h5 9. Bf4 O-O 10. Qd2 a6 11. a4 Re8 12. Nge2 Qc7 13. Bc4 Nd7 14.
O-O Ne5 15. Bxe5 Bxe5 16. f4 Bg7 17. f5 gxf5 18. Qg5 fxe4 19. Nf4 Bg4 20. Nxe4
Ng6 21. Ne6 Qe7 22. Nf6+ Kh8 23. Rae1 fxe6 24. Qxg6 Bxf6 25. Rxf6 Qg7 26. dxe6
$14 {1-0 Kaidanov,G-Ivanov,A/New York 1990/CBM 19 (34)}) 8. Bg5 (8. f3 e5 9.
Nh3 Nd7 10. Be3 Ng8 11. g3 Nf8 12. Qc2 (12. Qd2 Bh6 13. Bxh6 Nxh6 14. O-O-O $14
) 12... Bh6 13. Bf2 Bd7 14. Ng1 Nh7 15. a3 Ne7 16. b4 b6 17. Nd1 Kf8 18. Ne3
Kg7 19. Ne2 Qc8 20. f4 $14 {1/2-1/2 Gerusel,M-Eising,J/Voelklingen 1970/EXT
2001 (59)}) 8... e5 $14 9. Qd2 Nd7 10. f3 Nf6 11. Nge2 Bd7 $146 {This move
doesn't change position evaluation: +/=.} (11... a6 {-see detailed commented
game 0-1 Avrukh,B-Ivanisevic,I/Istanbul 2000/EXT 2001 [Tsesarsky,I](63)}) 12.
O-O-O ({Worth of attention} 12. Nd1 {[%cal Gb2b4] -like Avrukh played in the
noted above game with Ivanisevic.}) 12... a6 13. Rdf1 Qa5 14. Kb1 b5 15. g4 $1
{Now the game enters to complicated game with Attacks on opposite sides.} hxg4
16. Bxf6 Bxf6 17. fxg4 Bxh4 (17... Ng8 18. g5 Bg7 19. Ng3 $14) 18. Qg5 $1 Rh5
$1 (18... Bxg5 19. Rxh8+ Ng8 20. Rxg8+ Ke7 21. Rxa8 $18) 19. Rxh4 $1 Rxg5 20.
Rh8+ Ng8 21. Rxg8+ Ke7 22. Rxa8 {After interesting tactcal struggle created
position with non-standard material. White has an advantage.} b4 (22... bxc4
23. Bxc4 Rxg4 24. a3 Rg2 25. Rxa6 $16) 23. Nd1 Bxg4 24. Ne3 $2 $132 ({White
could keep his advantage by} 24. Ra7+ $1 Bd7 25. Rxf7+ $1 Kxf7 26. Rxd7+ Ke8
27. Rxd6 b3 28. Ndc3 bxa2+ 29. Nxa2 Qd2 30. Nac1 a5 31. Rc6 Qb4 32. Kc2 $16)
24... Bd7 25. b3 Rh5 26. Ng1 (26. Rg1 Rh2 $132 (26... Rh3 27. Ng3 Rh2 28. Be2
$132)) 26... f6 (26... Rh2 $132) 27. Be2 Rh4 28. Nf3 Rh6 (28... Rxe4 $4 29. Rh1
Be8 30. Ra7+ Kd8 31. Rhh7 $18) (28... Rh3 $132) 29. Ra7 (29. Rg1 g5 30. Rg8 Rh7
$132) 29... Qb6 30. Rxd7+ Kxd7 31. Ng4 Rh8 32. Nxf6+ Ke7 33. Ng5 Qb8 $5 ({
It was possible to play} 33... Rf8 $5 {and Black equalizes.} 34. Ngh7 Rh8 35.
Bg4 Qb7 36. Be6 Kd8 37. Ng5 Kc7 38. Ne8+ (38. Nf7 Rf8 39. Rh1 $16) 38... Rxe8 (
38... Kb6 39. Nxd6 Qg7 40. Nc8+ Ka5 41. Nf7 $18) 39. Rf7+ Kb6 40. Rxb7+ Kxb7
41. Nf7 Kc7 42. a3 $5 ({If White will try to join his K to Attack on Pg6,
Black will open a-line and will attack Pb3.} 42. Kc2 a5 43. Kd3 a4 44. Ke3 axb3
45. axb3 Ra8 {[%csl Rb3][%cal Ga8a3]}) 42... bxa3 (42... a5 43. a4 $1 $16 {
[%csl Rg6][%cal Gb1d3,Gd3f3,Gf3g4,Gg4g6]}) 43. Ka2 Rb8 44. Kxa3 a5 45. Bh3 Rf8
46. Ng5 (46. Be6 Rb8 $11) 46... Rf2 47. Ne6+ Kb6 $11) 34. Ngh7 $1 {[%csl Rh8]
[%cal Ge2g4,Gg4e6,Gf1g1]} (34. Ng4 $5 Rf8 35. Rh1 Rh8 36. Rf1 $11) 34... Kd8 $1
({In case of} 34... a5 $2 {White keeps an advantage again:} 35. Rg1 $1 ({Not} 
35. Bg4 a4 36. Be6 Kd8 37. Ng8 Kc7 38. Rf7+ (38. Rf8 Rxh7 39. Rxb8 Rh1+ 40. Kc2
Rh2+ 41. Kb1 Rh1+ $11) 38... Kb6 39. Ngf6 (39. Ne7 Qa8 40. Nxg6 Rg8 41. Nhf8
axb3 42. axb3 Qa3 43. Rf3 Rg7 44. Bd7 Rf7 45. Rxf7 Qxb3+ 46. Kc1 Qxc4+ 47. Kd2
Qd4+ 48. Ke2 Qxe4+ 49. Kf2 Qd4+ 50. Kg3 b3 51. Bc6 b2 52. Rb7+ Ka6 53. Ne6 Qg1+
54. Kf3 b1=Q 55. Rxb1 Qxb1 56. Ne7 $17) 39... Qa8 40. Nd7+ Ka5 41. Kb2 $132)
35... Kf7 36. Bg4 a4 37. Be6+ Kg7 38. Bf5 Rxh7 (38... axb3 39. Rxg6+ Kf7 40.
axb3 $18 {[%csl Rf7]}) 39. Rxg6+ Kh8 (39... Kf7 40. Nxh7 $18) 40. Nxh7 Kxh7 41.
Rxd6+ Kg7 42. Rg6+ Kf7 43. Rh6 $1 (43. d6 $2 Qh8 44. d7 axb3 45. axb3 Qh4 46.
Rd6 (46. Rg1 Ke7 $11) 46... Qe1+ 47. Kc2 Qc3+ 48. Kd1 Qf3+ 49. Ke1 Qe3+ 50. Kf1
Qf3+ 51. Kg1 Qg3+ 52. Kh1 Qf3+ 53. Kh2 Qf2+ 54. Kh3 Qf1+ 55. Kg4 Qg2+ $11)
43... axb3 44. axb3 Qa8 45. d6 Qa3 46. Rh3 Qa8 47. d7 Ke7 48. Rh6 {[%cal Gh6e6,
Gh6c6]} Qd8 49. Rc6 Qg8 50. Re6+ Kf7 51. Rd6 Qd8 52. Rd5 $18) 35. Bg4 (35. Rg1
Qc7 36. Rxg6 Qf7 37. Rh6 (37. Bh5 Rxh7 38. Nxh7 Qf1+ 39. Kc2 Qf2+ 40. Kc1 Qe3+
41. Kd1 Qd3+ 42. Ke1 Qxe4+ 43. Kd2 $11) 37... Qg7 38. Ng5 $1 Ke7 39. Rxh8 Qxh8
40. Ngh7 Qg7 41. Bg4 {[%cal Gg7h6]} Kd8 $11) 35... Kc7 36. Ng5 (36. Be6 Kb7 37.
Bf7 Qc8 38. Rh1 $11) 36... Rh4 ({Or} 36... Rh2 $1 37. Nf3 (37. Ne6+ Kb7 38. Nd7
Qh8 39. Rf7 Qh4 40. Ndxc5+ Kb6 $19) (37. Nd7 Qh8 38. Rf7 Rh1+ 39. Kc2 Qh2+ 40.
Kd3 Qg3+ 41. Nf3 Kd8 42. Nf6 Rh4 43. Rd7+ Kc8 44. Rxd6+ Rxg4 45. Nxg4 Qxf3+ 46.
Ne3 $15) 37... Rh8 38. Ng5 $11) 37. Be6 Rf4 $2 $16 ({I really don't understand,
why White agreed to draw. Andrej would play this position without any risk:} 
37... Rf4 38. Rxf4 exf4 39. e5 $1 (39. Nf7 f3 40. e5 f2 (40... dxe5 41. d6+ Kb7
42. d7 f2 43. Bh3 $18) 41. exd6+ Kb7 42. Bh3 Qf8 43. d7 Qe7 44. d8=Q Qe1+ 45.
Kc2 Qe2+ $11) 39... Qh8 $8 40. exd6+ Kb6 (40... Kb7 $2 41. Nge4 Qh1+ 42. Kc2
Qg2+ 43. Nd2 {[%cal Gd6d7]} Qg3 44. Nfe4 Qe3 45. d7 Kc7 46. d6+ Kd8 47. Ng5 $18
) 41. Nge4 Qh1+ 42. Kc2 Qh2+ (42... Qg2+ 43. Nd2 f3 44. d7 Kc7 45. Ne8+ Kd8 46.
Nd6 $18) 43. Kd3 $1 (43. Nd2 f3 44. Nd7+ (44. d7 Kc7 45. Ng4 (45. d6+ Kd8 46.
Nfe4 Qg2 47. Nxc5 f2 48. Bd5 f1=Q 49. Bxg2 Qxg2 50. Nxa6 Kxd7 51. Nxb4 Kxd6 52.
Nd5 $15) 45... Qf4 46. Nf2 Qe3 47. Nde4 Qe2+ 48. Kc1 Qe1+ $11) 44... Ka7 45.
Nxc5 Qxd6 46. Nd3 Qh2 47. Bg4 f2 48. Be2 a5 49. c5 g5 50. d6 Kb7 51. Bf3+ Kc8
52. Kd1 Kd8 53. Nf1 Qh3 54. Ke2 g4 55. Bd5 g3 56. Nf4 Qf5 57. c6 Qe5+ 58. Kf3
Qxd6 59. Nxg3 Kc7 $132) 43... f3 44. Nd7+ Ka7 45. Ndxc5 Qe2+ 46. Kd4 f2 47. Bh3
f1=Q 48. Bxf1 Qxf1 49. d7 Qa1+ 50. Ke3 Qe1+ 51. Kf4 Qh4+ 52. Ke5 Qe7+ 53. Ne6
Qxd7 54. c5 $16 {White central PP are too dangerous!}) ({Strong was} 37... Qf8
$1 38. Nf7 Rh2 (38... Qe7 39. Ng4 $132) 39. Ng4 $132) 1/2-1/2